|
|
|
|
| LEADER |
00000cam a2200000 7i4500 |
| 001 |
0000002373 |
| 005 |
20030531.0 |
| 020 |
0 |
0 |
|a 9718543279
|
| 090 |
0 |
0 |
|a 634.9909599
|b RIK 1993
|
| 100 |
1 |
0 |
|a RIKKEN
|h Gerard
|
| 245 |
1 |
4 |
|a The greening of Libertad :
|b case study of self-help approach to natural resource management featuring the Libertad Planters Association
|c by Gerard Rikken
|
| 260 |
0 |
0 |
|a Manila, Philippines :
|b Published by Asian Social Institute in cooperation with Deutsche Gesellschaft für Technische Zusammenarbeit (GTZ) GmbH ,
|c 1993
|
| 300 |
|
|
|a 64, [1] p. :
|b ill. ;
|c 23 cm.
|
| 500 |
0 |
0 |
|a Includes bibliographical references (p. [65])
|
| 650 |
0 |
0 |
|a Agroforestry
|z Philippines
|z Libertad (Antique)
|
| 710 |
1 |
1 |
|a Asian Social Institute
|
| 998 |
|
|
|a JPSM
|
| 999 |
|
|
|a 0000004247
|b Monograph
|c Open Shelf
|e Default branch
|
| 999 |
|
|
|a 0000004255
|b Monograph
|c Open Shelf
|e Default branch
|